El ángel callaba
-д хадгалсан:
| Үндсэн зохиолч: | |
|---|---|
| Формат: | Ном |
| Хэл сонгох: | испани |
| Хэвлэсэн: |
Barcelona
Seix Barral
1993
|
| Хэвлэл: | 1a. ed |
| Цуврал: | Biblioteca Breve
|
| Нөхцлүүд: | |
| Шошгууд: |
Шошго нэмэх
Шошго байхгүй, Энэхүү баримтыг шошголох эхний хүн болох!
|
MARC
| LEADER | 00000nam a2200000 a 4500 | ||
|---|---|---|---|
| 001 | UCK2211 | ||
| 003 | CL-VaPUC | ||
| 008 | 041223e19930000SP |||||||||||||||||spa|d | ||
| 020 | |a 8432206865 | ||
| 082 | 0 | 4 | |a 833 |b BOL |2 21 |
| 100 | 0 | |a Böll, Heinrich |e author |9 322036 | |
| 245 | 1 | 3 | |a El ángel callaba |
| 250 | |a 1a. ed | ||
| 300 | |a 187 p | ||
| 942 | |c BK | ||
| 945 | |d 20041223 00:00:00 |a cmena | ||
| 260 | |a Barcelona |b Seix Barral |c 1993 | ||
| 650 | 0 | |a Novelas alemanas |9 265783 | |
| 650 | 0 | |a Literatura alemana |9 265457 | |
| 650 | 0 | |a Romanticismo alemán |9 375288 | |
| 583 | |a last modification |c 20041223 00:00:00 |k Rodrigo Vera | ||
| 490 | 0 | |a Biblioteca Breve | |
| 999 | |c 311830 |d 311828 | ||
| 952 | |0 0 |1 0 |4 0 |6 833_000000000000000_BOL_1993 |7 0 |8 A |9 381497 |a BIBARQ |b BIBARQ |d 2019-11-21 |i 4087968 |o 833 BOL 1993 |p 4087968 |r 2025-01-20 |w 2019-11-21 |y BK |k ARQ | ||